[Event "Heusenstamm Sparkassen op-A 7th"]
[Site "Heusenstamm"]
[Date "2021.11.20"]
[Round "4.71"]
[White "Launert, Martin"]
[Black "Kaehm, Kevin"]
[Result "1-0"]
[WhiteElo "1841"]
[BlackElo "1626"]
[PlyCount "63"]
[EventDate "2021.11.18"]
[EventType "swiss"]
[EventRounds "7"]
[EventCountry "GER"]
[SourceTitle "EXT 2023"]
[Source "ChessBase"]
[SourceDate "2022.10.05"]
[SourceVersion "1"]
[SourceVersionDate "2022.10.05"]
[SourceQuality "1"]

1. e4 d6 2. d4 Nf6 3. Nc3 g6 4. f4 Bg7 5. Nf3 Bg4 6. Be3 a5 7. h3 Bxf3 8. Qxf3 c6 9. Bd3 0-0 10. 0-0 Na6 11. a3 Qc7 12. Ne2 c5 13. c3 c4 14. Bc2 b5 15. e5 Nd7 16. h4 e6 17. h5 f5 18. exf6 Nxf6 19. hxg6 hxg6 20. Bxg6 Nd5 21. Bd2 Ne7 22. Bc2 Ra7 23. Ng3 Nf5 24. Nxf5 exf5 25. Qd5+ Qf7 26. Qxd6 Rb8 27. Rfe1 Bf8 28. Qe6 Qxe6 29. Rxe6 Nc7 30. Re5 Rba8 31. Rxf5 b4 32. a4 1-0

[Event "Heusenstamm Sparkassen op-A 7th"]
[Site "Heusenstamm"]
[Date "2021.11.19"]
[Round "2.44"]
[White "Wachsmann, Dietmar"]
[Black "Kaehm, Kevin"]
[Result "1-0"]
[WhiteElo "1983"]
[BlackElo "1626"]
[PlyCount "87"]
[EventDate "2021.11.18"]
[EventType "swiss"]
[EventRounds "7"]
[EventCountry "GER"]
[SourceTitle "EXT 2023"]
[Source "ChessBase"]
[SourceDate "2022.10.05"]
[SourceVersion "1"]
[SourceVersionDate "2022.10.05"]
[SourceQuality "1"]

1. e4 e5 2. f4 d6 3. Nf3 Bg4 4. Bc4 exf4 5. d4 g5 6. h4 f6 7. g3 fxg3 8. hxg5 Nc6 9. Nc3 fxg5 10. Bxg5 Be7 11. Be3 g2 12. Rh2 Bh4+ 13. Kd2 Qf6 14. Rxh4 Bxf3 15. Qe1 0-0-0 16. Rf4 Qg7 17. Rxf3 Nxd4 18. Rg3 Qf6 19. Qf2 Qxf2+ 20. Bxf2 Nc6 21. Rxg2 Nf6 22. Bh4 Rdf8 23. Rf1 Nd7 24. Rxf8+ Rxf8 25. Rg8 Nce5 26. Rxf8+ Nxf8 27. Be2 Nfg6 28. Bf6 c6 29. Bxe5 Nxe5 30. Nd1 Kc7 31. Ne3 b5 32. Ng4 Nd7 33. Ke3 Nc5 34. Nf6 Na4 35. b3 Nc3 36. Nxh7 Nxa2 37. Nf6 Nb4 38. Kd2 Na6 39. Bg4 c5 40. Bd7 b4 41. Bb5 Nb8 42. Ne8+ Kb6 43. Nxd6 a6 44. Ba4 1-0

[Event "Heusenstamm Sparkassen op-B 6th"]
[Site "Heusenstamm"]
[Date "2019.11.23"]
[Round "4"]
[White "Kaehm, Kevin"]
[Black "Draxler, Gottfried"]
[Result "1/2-1/2"]
[WhiteElo "1468"]
[BlackElo "1762"]
[PlyCount "60"]
[EventDate "2019.11.21"]
[EventType "swiss"]
[EventRounds "7"]
[EventCountry "GER"]
[SourceTitle "CBM 194 Extra"]
[Source "ChessBase"]
[SourceDate "2020.03.31"]
[SourceVersion "1"]
[SourceVersionDate "2020.03.31"]
[SourceQuality "1"]

1. d4 d5 2. Nf3 Nf6 3. Bf4 c6 4. g3 h6 5. Bg2 Bf5 6. c3 e6 7. 0-0 Bd6 8. Bxd6 Qxd6 9. Nbd2 0-0 10. Ne5 Nbd7 11. Nxd7 Qxd7 12. Re1 Rad8 13. e4 dxe4 14. Nxe4 Nxe4 15. Bxe4 Bxe4 16. Rxe4 c5 17. Qe2 Qc7 18. Qc4 Rc8 19. dxc5 Qxc5 20. Qxc5 Rxc5 21. Rd1 Rfc8 22. Rd7 R5c7 23. Red4 Kf8 24. Rxc7 Rxc7 25. Rd8+ Ke7 26. Rg8 Kf6 27. Kf1 Rd7 28. Ke2 h5 29. h4 g6 30. b4 a6 1/2-1/2

[Event "Heusenstamm Sparkassen op-B 6th"]
[Site "Heusenstamm"]
[Date "2019.11.21"]
[Round "1"]
[White "Meyer, Marcel"]
[Black "Kaehm, Kevin"]
[Result "0-1"]
[WhiteElo "1777"]
[BlackElo "1468"]
[PlyCount "40"]
[EventDate "2019.11.21"]
[EventType "swiss"]
[EventRounds "7"]
[EventCountry "GER"]
[SourceTitle "CBM 194 Extra"]
[Source "ChessBase"]
[SourceDate "2020.03.31"]
[SourceVersion "1"]
[SourceVersionDate "2020.03.31"]
[SourceQuality "1"]

1. d4 Nf6 2. c4 e6 3. Nc3 Bb4 4. e3 d5 5. a3 Bxc3+ 6. bxc3 0-0 7. Nf3 b6 8. Bd3 dxc4 9. Bxc4 Bb7 10. 0-0 Nbd7 11. a4 c5 12. Rb1 Ne4 13. Qb3 cxd4 14. cxd4 Rc8 15. Ba3 Re8 16. Rbe1 Ng5 17. Ne5 Nxe5 18. dxe5 Nf3+ 19. Kh1 Qh4 20. h3 Nd2 0-1

[Event "Rhein Main op-A 22nd"]
[Site "Bad Homburg"]
[Date "2019.06.20"]
[Round "3"]
[White "Kuhn, Gerhard"]
[Black "Kaehm, Kevin"]
[Result "1-0"]
[WhiteElo "1977"]
[BlackElo "1489"]
[PlyCount "53"]
[EventDate "2019.06.19"]
[EventType "swiss"]
[EventRounds "9"]
[EventCountry "GER"]
[SourceTitle "EXT 2020"]
[Source "ChessBase"]
[SourceDate "2019.10.17"]
[SourceVersion "1"]
[SourceVersionDate "2019.10.17"]
[SourceQuality "1"]

1. e4 c5 2. c3 Nc6 3. d4 e6 4. d5 exd5 5. exd5 Qe7+ 6. Be3 Ne5 7. Be2 d6 8. Nf3 Nf6 9. 0-0 Bd7 10. Re1 0-0-0 11. b4 Nfg4 12. Bf4 f6 13. bxc5 dxc5 14. h3 Nxf3+ 15. Bxf3 Ne5 16. Bxe5 fxe5 17. Nd2 g6 18. Rb1 b6 19. Nc4 b5 20. Nxe5 Re8 21. Bg4 Bf5 22. Rxb5 Qc7 23. Nc6 Bd6 24. Bxf5+ gxf5 25. Qb1 Rxe1+ 26. Qxe1 Kd7 27. Qe6# 1-0